00700nam a2200205 a 450000100100000000500170001000800410002702000170006804000130008508200200009810000480011824500670016626000550023330000280028849000270031650000620034365000300040565000320043583000270046700000292920200929150304.0090706s2008 pr a 000 0 spa d z978994545590 aDO-SdBNP aPR863.44bM738d1 aMonclova Vázquez, Héctor Iván,d1964-13aEl dragón de la playa /cHéctor Iván Monclova Vázquez. aPuerto Rico :aSanto Domingo :bIsla Negra,c2008. a130 p. :bil. ;c22 cm.0 aEl rostro y la mascara aIncluye datos biográficos del autor en la contraportada 4aCuentos puertorriqueños 4aLiteratura puertorriqueña 0aEl rostro y la mascara